[Event "Chigorin Memorial 19th"]
[Site "St Petersburg"]
[Date "2011.10.16"]
[Round "3"]
[White "Lisitsin, Boris"]
[Black "Gubernatorov, Sergey"]
[Result "0-1"]
[WhiteElo "1977"]
[BlackElo "2311"]
[PlyCount "106"]
[EventDate "2011.10.14"]
[EventType "swiss"]
[EventRounds "9"]
[EventCountry "RUS"]
[SourceTitle "CBM 144 Extra"]
[Source "ChessBase"]
[SourceDate "2011.10.28"]
[SourceVersion "1"]
[SourceVersionDate "2011.10.28"]
[SourceQuality "1"]

1. Nc3 c5 2. d4 cxd4 3. Qxd4 Nc6 4. Qh4 Nf6 5. Bg5 e6 6. e4 Be7 7. Nf3 Qa5 8. Be2 d6 9. 0-0 0-0 10. Rad1 a6 11. a3 b5 12. e5 dxe5 13. Bd3 h6 14. Bxf6 Bxf6 15. Qe4 g6 16. Qxc6 Rb8 17. Qe4 b4 18. axb4 Rxb4 19. Qe3 Rxb2 20. Ne4 Bg7 21. Ra1 Qc7 22. Nfd2 f5 23. Nc4 fxe4 24. Nxb2 exd3 25. Qxd3 e4 26. Qb3 Bd7 27. Rfb1 Bd4 28. Nd1 Qf4 29. Qg3 Qxg3 30. hxg3 Bxa1 31. Rxa1 Ra8 32. Ra5 Kf7 33. Ne3 Ke7 34. Kf1 Kd6 35. Ke2 Kc7 36. Kd2 Bb5 37. c4 Kb6 38. Ra2 Bc6 39. Kc3 a5 40. Kd4 Rd8+ 41. Ke5 a4 42. Kxe6 Kc5 43. Kf6 Be8 44. Ke5 Kb4 45. Rc2 a3 46. c5 Ba4 47. Rc1 a2 48. Nd5+ Kb3 49. Nc3 Bc6 50. Kf6 Rf8+ 51. Ke6 Rxf2 52. Kd6 Rf6+ 53. Kc7 Kb2 0-1

[Event "St Petersburg June op"]
[Site "St Petersburg"]
[Date "2008.06.27"]
[Round "7"]
[White "Tukan, Ekaterina"]
[Black "Lisitsin, Boris"]
[Result "1-0"]
[WhiteElo "1952"]
[BlackElo "2082"]
[PlyCount "75"]
[EventDate "2008.06.21"]
[EventType "swiss"]
[EventRounds "9"]
[EventCountry "RUS"]
[SourceTitle "CBM 125 Extra"]
[Source "ChessBase"]
[SourceDate "2008.09.01"]
[SourceVersion "1"]
[SourceVersionDate "2008.09.01"]
[SourceQuality "1"]

1. e4 e5 2. Nf3 d6 3. d4 Bg4 4. dxe5 Nd7 5. Be2 dxe5 6. h3 Bh5 7. Be3 Ngf6 8. Nc3 Bb4 9. Qd3 Bxc3+ 10. bxc3 0-0 11. 0-0 Qe7 12. Rab1 b6 13. Bg5 h6 14. Bxf6 Nxf6 15. Nh4 Bxe2 16. Qxe2 g6 17. Qe3 Kh7 18. g3 Qe6 19. Kh2 Qxa2 20. Qe2 Qe6 21. Rbe1 a5 22. Ng2 Kg7 23. f4 exf4 24. gxf4 Rfe8 25. e5 Ng8 26. f5 gxf5 27. Nf4 Qc6 28. Nh5+ Kh8 29. Rxf5 Re7 30. Rg1 Qe6 31. Qg4 f6 32. Nf4 Qf7 33. Ng6+ Kh7 34. Nxe7 Qxe7 35. exf6 Qf7 36. Qg7+ Qxg7 37. Rxg7+ Kh8 38. Rxc7 1-0

[Event "St Petersburg June op"]
[Site "St Petersburg"]
[Date "2008.06.25"]
[Round "5"]
[White "Lisitsin, Boris"]
[Black "Stroganov, Anatoly"]
[Result "0-1"]
[WhiteElo "2082"]
[BlackElo "1946"]
[PlyCount "120"]
[EventDate "2008.06.21"]
[EventType "swiss"]
[EventRounds "9"]
[EventCountry "RUS"]
[SourceTitle "CBM 125 Extra"]
[Source "ChessBase"]
[SourceDate "2008.09.01"]
[SourceVersion "1"]
[SourceVersionDate "2008.09.01"]
[SourceQuality "1"]

1. Nc3 e6 2. d4 d5 3. e4 h6 4. Nf3 Nf6 5. Bd3 Nc6 6. 0-0 Nb4 7. Be2 Nxe4 8. Nxe4 dxe4 9. Ne5 Bd6 10. c3 Nd5 11. Bb5+ c6 12. Nxc6 bxc6 13. Bxc6+ Bd7 14. Bxa8 Qxa8 15. Qg4 Nf6 16. Qh4 Ke7 17. Bf4 Bxf4 18. Qxf4 g5 19. Qe3 Nd5 20. Qxe4 Nxc3 21. Qc2 Nd5 22. Qc5+ Kf6 23. Qd6 Nf4 24. Qe5+ Kg6 25. f3 Rb8 26. b3 Rb5 27. Qc7 Rd5 28. Qc2+ Kg7 29. Rad1 a6 30. g3 Ng6 31. Rf2 Ne7 32. f4 g4 33. Qe2 h5 34. h3 Bb5 35. Qd2 Nf5 36. hxg4 hxg4 37. a4 Bd7 38. Qe2 Nh6 39. Qe3 Qb7 40. f5 exf5 41. Qg5+ Kh7 42. Rh2 Rd6 43. Qe7 Qd5 44. Qf8 Rg6 45. Rdd2 Be6 46. Rh4 Qxb3 47. Qd6 Qe3+ 48. Rf2 Bb3 49. Qf4 Qxf4 50. Rxf4 Kg7 51. d5 Bxd5 52. Rh2 Be4 53. Rb2 Rd6 54. Rf1 Ng8 55. a5 Rh6 56. Rb6 Rh3 57. Kf2 Nf6 58. Rd6 Bd5 59. Ke3 Bc4 60. Rxf5 Rxg3+ 0-1

[Event "St Petersburg op"]
[Site "St Petersburg"]
[Date "2007.11.02"]
[Round "7"]
[White "Glazov, Anatoly"]
[Black "Lisitsin, Boris"]
[Result "0-1"]
[WhiteElo "1939"]
[BlackElo "2097"]
[PlyCount "78"]
[EventDate "2007.10.27"]
[EventType "swiss"]
[EventRounds "9"]
[EventCountry "RUS"]
[SourceTitle "CBM 121 Extra"]
[Source "ChessBase"]
[SourceDate "2008.01.10"]
[SourceVersion "1"]
[SourceVersionDate "2008.01.10"]
[SourceQuality "1"]

1. Nf3 c5 2. c4 Nc6 3. d4 cxd4 4. Nxd4 g6 5. Nc3 Bg7 6. e3 d6 7. Be2 Nf6 8. 0-0 0-0 9. f3 d5 10. Nxc6 bxc6 11. Qb3 e6 12. Bd2 Ba6 13. Rad1 Rb8 14. Qa4 Qc8 15. Bc1 Nd7 16. cxd5 Bxe2 17. Nxe2 cxd5 18. Nd4 Nc5 19. Qa5 a6 20. b4 Nd7 21. Rf2 Nb6 22. Rc2 Nc4 23. Qa4 Qb7 24. a3 Rfc8 25. Nb3 Bf8 26. Na5 Qb6 27. Nxc4 dxc4 28. Rd4 c3 29. Kf2 Bg7 30. Rd7 Rd8 31. Re2 Rxd7 32. Qxd7 h5 33. Re1 Rd8 34. Qe7 Bf8 35. Qf6 Rd3 36. Re2 Qd6 37. Qf4 Qd8 38. Qc4 Bg7 39. Qxa6 Qh4+ 0-1

[Event "St Petersburg op"]
[Site "St Petersburg"]
[Date "2007.10.31"]
[Round "5"]
[White "Barhudarian, Rafael"]
[Black "Lisitsin, Boris"]
[Result "1-0"]
[WhiteElo "2279"]
[BlackElo "2097"]
[PlyCount "67"]
[EventDate "2007.10.27"]
[EventType "swiss"]
[EventRounds "9"]
[EventCountry "RUS"]
[SourceTitle "CBM 121 Extra"]
[Source "ChessBase"]
[SourceDate "2008.01.10"]
[SourceVersion "1"]
[SourceVersionDate "2008.01.10"]
[SourceQuality "1"]

1. Nc3 c5 2. Nf3 Nc6 3. d4 cxd4 4. Nxd4 g6 5. Bf4 Bg7 6. Ndb5 d6 7. Nd5 Kf8 8. c3 a6 9. Na3 Nf6 10. Nxf6 Bxf6 11. g3 Kg7 12. Qd2 h5 13. h4 Be6 14. Bg2 Qd7 15. Nc2 b5 16. Nb4 Nxb4 17. Bxa8 Rxa8 18. cxb4 Qb7 19. f3 Bc4 20. 0-0 Qd7 21. Kh2 Qe6 22. Rfe1 Bxa2 23. e4 Bc4 24. Bg5 Bxg5 25. Qxg5 f6 26. Qe3 Qd7 27. Rec1 d5 28. Rd1 Qe6 29. Rd4 Qd6 30. b3 e5 31. Rdd1 d4 32. bxc4 bxc4 33. Qa3 c3 34. Qxc3 1-0

[Event "St Petersburg op"]
[Site "St Petersburg"]
[Date "2007.10.29"]
[Round "3"]
[White "Trofimchuk, Vladimir"]
[Black "Lisitsin, Boris"]
[Result "0-1"]
[WhiteElo "1951"]
[BlackElo "2097"]
[PlyCount "90"]
[EventDate "2007.10.27"]
[EventType "swiss"]
[EventRounds "9"]
[EventCountry "RUS"]
[SourceTitle "CBM 121 Extra"]
[Source "ChessBase"]
[SourceDate "2008.01.10"]
[SourceVersion "1"]
[SourceVersionDate "2008.01.10"]
[SourceQuality "1"]

1. d4 d5 2. Nc3 Nf6 3. Bg5 Bf5 4. e3 Nbd7 5. Nf3 h6 6. Bh4 c6 7. Bd3 Bg4 8. h3 Bxf3 9. Qxf3 e5 10. dxe5 Nxe5 11. Qf5 Nxd3+ 12. cxd3 Be7 13. 0-0 0-0 14. a4 d4 15. Ne4 Nxe4 16. Bxe7 Qxe7 17. Qxe4 Qxe4 18. dxe4 dxe3 19. fxe3 Rfe8 20. Rf4 Rad8 21. b4 Rd2 22. b5 c5 23. Rc1 b6 24. Rc4 Re2 25. Rc3 Rd8 26. Rg4 f6 27. h4 h5 28. Rg3 Rd1+ 29. Kh2 Kf7 30. a5 Rb2 31. axb6 axb6 32. Ra3 Rd7 33. e5 Rxb5 34. exf6 gxf6 35. Ra8 Rb4 36. Kh3 Rd1 37. Rgg8 Rh1+ 38. Kg3 Rhxh4 39. Raf8+ Ke7 40. Re8+ Kd7 41. Rgf8 Rhe4 42. Rd8+ Kc7 43. Rc8+ Kb7 44. Rb8+ Ka6 45. Rxf6 Rxe3+ 0-1